| 000 | 00872nam a2200301 i 4500 | ||
|---|---|---|---|
| 001 | 19356 | ||
| 003 | ES-MaACL | ||
| 005 | 20250822030845.0 | ||
| 007 | t| | ||
| 008 | 020716s2001 sp ||||0| spa j | ||
| 020 | _a84-7738-832-6 | ||
| 040 |
_aM-BN _bspa _cM-BN |
||
| 080 | _a159.9.016.1 | ||
| 080 | _a612.82 | ||
| 080 | _a159.95 | ||
| 100 | 1 |
_aGarcía García, Emilio. _9180590 |
|
| 245 | 1 | 0 |
_aMente y cerebro / _cEmilio García García. |
| 260 |
_aMadrid : _bSíntesis, _c[2001] |
||
| 300 |
_a317 p : _bil ; _c22 cm. |
||
| 490 | 1 |
_aFilosofía. Thémata ; _v18 |
|
| 504 | _aBibliografía: p. 307-317. | ||
| 650 | 1 | 4 |
_aMente y cuerpo. _914993 |
| 650 | 4 |
_aNeuropsicología. _915532 |
|
| 650 | 1 | 7 |
_aPsicología cognitiva _2embne _916554 |
| 830 | 0 |
_aFilosofía. Thémata ; _v18 _9180588 |
|
| 852 |
_aES-MaACL _jL-25795 _bR.131142 |
||
| 999 |
_c19356 _d19356 |
||